Geography Quiz / City by Google Streetview

Random Geography or World Quiz

Results

Quiz not verified by Sporcle

Score 0/15 Timer 06:00
0 Plays Today
% Correct
Paris
99.7%
New York
98.7%
London
98.4%
Moscow
94.9%
Amsterdam
92.1%
Toronto
83.2%
Barcelona
82.9%
Jerusalem
82.5%
% Correct
Tokyo
75.9%
Sydney
72.4%
New Orleans
71.7%
Rome
63.2%
Bangkok
61.3%
Rio de Janeiro
57.8%
Mexico City
35.6%
 
Number % Answered
15 (all)
17.1%
13-14
29.5%
11-12
23.5%
9-10
14.9%
7-8
8.9%
5-6
4.1%
3-4
1.6%
1-2
0.3%

You're not logged in!

Compare scores with friends on all Sporcle quizzes.
Sign Up with Email
OR
Log In

You Might Also Like...

Show Comments

Extras


Your Account Isn't Verified!

In order to create a playlist on Sporcle, you need to verify the email address you used during registration. Go to your Sporcle Settings to finish the process.